Mots de la langue française terminés par "trice" - Statistiques

Statistiques générales
  • Ce quiz a été pris 134 fois
  • Le résultat moyen est 8 sur 36
Statistiques - réponses
Indice Mot % Correct
cinéma actrice
79%
prénom féminin Béatrice
67%
souveraine d'un empire impératrice
49%
prénom masculin Patrice
41%
.... d'intérieur décoratrice
40%
met l'ambiance animatrice
36%
qui a inventé créatrice
35%
campagne agricultrice
33%
école institutrice
33%
vieille coupure cicatrice
32%
utérus matrice
30%
gérante directrice
27%
usagère utilisatrice
27%
vote électrice
26%
auto école monitrice
24%
chiffres calculatrice
23%
locomotive motrice
21%
palais du Luxembourg sénatrice
20%
sur la mer navigatrice
18%
journal télévisé présentatrice
17%
voiture conductrice
15%
livre lectrice
14%
aubergiste restauratrice
14%
charmeuse séductrice
13%
copieuse imitatrice
11%
pédagogue éducatrice
10%
contrôleuse vérificatrice
10%
travaille le texte traductrice
9%
mécène bienfaitrice
8%
lettre factrice
8%
assistante collaboratrice
6%
voleuse usurpatrice
6%
qui a créé fondatrice
5%
recherche enquêtrice
3%
surveillante examinatrice
1%
chercheuse exploratrice
1%
Aucun quiz correspondant
Distribution des résultats
% des personnes avec chaque résultat
Percentile par nombre de réponses
Votre historique - résultats
Vous n’avez pas pris ce quiz